Mejoramiento y monitoreo del sistema de planificación, programación y control de las excepciones de ingeniería para Intel Costa Rica
Збережено в:
| Автор: | |
|---|---|
| Інші автори: | |
| Формат: | Книга |
| Опубліковано: |
[San José, Costa Rica]
2004
|
| Предмети: | |
| Теги: |
Додати тег
Немає тегів, Будьте першим, хто поставить тег для цього запису!
|
MARC
| LEADER | 00000nam a2200000Ia 4500 | ||
|---|---|---|---|
| 003 | 09468 | ||
| 005 | 20221231144133.0 | ||
| 008 | 140114s2004 cr a m 000 ||s d | ||
| 040 | |c cru CEDI | ||
| 090 | |a TFG 5007 | ||
| 100 | |a Vargas Gutiérrez, Laura |9 6141 | ||
| 245 | |a Mejoramiento y monitoreo del sistema de planificación, programación y control de las excepciones de ingeniería para Intel Costa Rica | ||
| 260 | |c 2004 |a [San José, Costa Rica] | ||
| 300 | |a 2 volúmenes : ilustraciones | ||
| 500 | |a Proyecto de graduación (licenciatura en ingeniería industrial)--Universidad de Costa Rica. Facultad de Ingeniería. Escuela de Ingeniería Industrial | ||
| 650 | |x COMPONENTES INTEL DE COSTA RICA |x INVESTIGACIONES |x PLANIFICACION DE LA PRODUCCION |x CONTROL DE PROCESOS |x AUTOMATIZACION |x SISTEMAS DE INFORMACION |9 6142 | ||
| 700 | |9 6143 |a Flores Mora, María Victoria | ||
| 942 | |c TFG | ||
| 999 | |c 17416 |d 17416 | ||
